All Red Bull Racing F1 Drivers - Statistics

General Stats
  • This quiz has been taken 165 times
  • The average score is 9 of 14
Answer Stats
Year Driver % Correct
2016-2025 Max Verstappen
96%
2025 Yuki Tsunoda
92%
2009-2014 Sebastian Vettel
91%
2025 Liam Lawson
90%
2021-2024 Sergio Pérez
89%
2014-2018 Daniel Ricciardo
86%
2019-2020 Alexander Albon
84%
2019 Pierre Gasly
77%
2007-2013 Mark Webber
69%
2005-2008 David Coulthard
64%
2015-2016 Daniil Kvyat
54%
2005-2006 Christian Klien
23%
2005 Vitantonio Liuzzi
15%
2006 Robert Doornbos
11%
No matching quizzes found
Score Distribution
Percent of People with Each Score
Percentile by Number Answered
Your Score History
You have not taken this quiz